La encíclica Veritatis Splendor y los intentos de renovación de la teología moral en el presente siglo (Record no. 213442)
[ view plain ]
| 000 -CABECERA | |
|---|---|
| Campo de control de longitud fija | 00731naa a22001217u 4500 |
| 008 - CÓDIGOS DE INFORMACIÓN DE LONGITUD FIJA | |
| Campo de control de longitud fija | 130517b2000 xxu||||| |||| 00| 0 spa d |
| 040 ## - FUENTE DE LA CATALOGACIÓN | |
| Centro catalogador del origen | SPA |
| 100 1# - PUNTO DE ACCESO PRINCIPAL-NOMBRE DE PERSONA | |
| Nombre de persona | Molina, Enrique |
| 9 (RLIN) | 3062 |
| 245 00 - MENCIÓN DE TÍTULO | |
| Título | La encíclica Veritatis Splendor y los intentos de renovación de la teología moral en el presente siglo |
| 300 ## - DESCRIPCIÓN FÍSICA | |
| Extensión | 525-552 p. |
| Dimensiones | 24 cm |
| 773 0# - ENLACE AL DOCUMENTO FUENTE | |
| Título | Teología: Misterio de Dios y saber del hombre:Textos para una conmemoración |
| Encabezamiento principal | IZQUIERDO, César; MUÑOZ, Rodrigo;LORDA, Juan Luis; ILLANES, José Luis; BASTERO DE ELEIZALDE, Juan Luis; ALVIAR, José; ARANDA, Gonzalo; AUSÍN, Santiago; CASCIARO, José Maria; MOLINA, Enrique; SESÉ, Javier; LUQUE, Elisa; PAZOS, |
| Lugar, editor y fecha de publicación | Navarra,EUNSA,2000, |
| Parte(s) relacionada(s) | págs. 525-552 |
| Número Internacional Normalizado para Libros (ISBN) | 84-313-1837-6, |
| Número de control del registro relacionado | 90558 |
| 942 ## - ENTRADA DE ELEMENTOS AGREGADOS (KOHA) | |
| Koha [por defecto] tipo de item | Artículo de colaboración |
| Suprimido | Perdido | Estropeado | No para préstamo | Localización permanente | Localización actual | Localización en estantería | Fecha adquisición | Préstamos totales | Signatura completa | Fecha última consulta | Fecha del precio de reemplazo | Tipo de item de Koha |
|---|---|---|---|---|---|---|---|---|---|---|---|---|
| San Esteban | San Esteban | Depósito de libros | 21/05/2013 | 230 EZQ teol | 21/05/2013 | 21/05/2013 | Artículo de colaboración |
